|
|
|
|
| LEADER |
01565nam a22002897a 4500 |
| 001 |
39230 |
| 003 |
BD-DhAAL |
| 008 |
220725t2017 caua foab 000 0 eng d |
| 999 |
|
|
|c 42233
|d 42233
|
| 020 |
|
|
|a 9781627052986
|
| 040 |
|
|
|a BD-DhAAL
|c BD-DhAAL
|
| 082 |
|
|
|a 006.35
|2 23
|
| 100 |
|
|
|a Goldberg, Yoav,
|e author.
|9 50215
|
| 245 |
|
|
|a Neural network methods for natural language processing /
|c Yoav Goldberg.
|
| 260 |
|
|
|b [San Rafael, California] :
|c Morgan & Claypool,
|a c2017.
|
| 300 |
|
|
|a xxii, 287 pages :
|b illustrations ;
|c 24 cm.
|
| 504 |
|
|
|a Includes bibliographical references (pages 253-285).
|
| 526 |
|
|
|a CSE
|
| 541 |
|
|
|a Book Finder International
|e 39230, 39231, 39232
|
| 650 |
|
|
|a Neural networks (Computer science).
|9 50216
|
| 650 |
|
|
|a Natural language processing (Computer science).
|9 50217
|
| 650 |
|
|
|a Computer science.
|9 50218
|
| 852 |
|
|
|a Ayesha Abed Library
|c General Stacks
|
| 942 |
|
|
|2 ddc
|c BK
|
| 952 |
|
|
|0 0
|1 0
|2 ddc
|4 0
|6 006_350000000000000_GOL
|7 0
|9 71303
|a BRACUL
|b BRACUL
|c GEN
|d 2022-07-21
|e Book Finder International
|g 5582.69
|l 2
|m 39
|o 006.35 GOL
|p 3010039232
|q 2025-12-08
|r 2025-05-07
|s 2025-05-07
|t 3
|v 5582.69
|w 2022-07-21
|y BK
|
| 952 |
|
|
|0 0
|1 0
|2 ddc
|4 0
|6 006_350000000000000_GOL
|7 0
|9 71304
|a BRACUL
|b BRACUL
|c GEN
|d 2022-07-21
|e Book Finder International
|g 5582.69
|l 3
|m 40
|o 006.35 GOL
|p 3010039230
|r 2025-10-07
|s 2025-07-17
|t 1
|v 5582.69
|w 2022-07-21
|y BK
|
| 952 |
|
|
|0 0
|1 0
|2 ddc
|4 0
|6 006_350000000000000_GOL
|7 0
|9 71305
|a BRACUL
|b BRACUL
|c GEN
|d 2022-07-21
|e Book Finder International
|g 5582.69
|l 4
|m 15
|o 006.35 GOL
|p 3010039231
|r 2025-07-01
|s 2025-06-24
|t 2
|v 5582.69
|w 2022-07-21
|y BK
|